000 00616cam a2200229 4500
001 D1950
008 090401t1983 xxu||||| |||| 00| 0 eng d
035 _a(Sirsi) u66652
041 _aeng
050 _a690.25
110 _aBuilding Research Establishment
245 _aPlastics drainage pipes: laying, jointing and backfilling.
260 _aGarston, Watford
_bBRE
_c1983
300 _a1 sheet : ill. ; 30cm.
350 _a0
490 _aDefect Action Sheet
_v39 (Site)
490 _aDAS
_v39
650 _aDRAINS
690 _aBUILT ENVIRONMENT-BUILDING PATHOLOGY
942 _n0
948 _c04/03/1997
999 _c94919
_d94919